[Event "Bundesliga 9495"]
[Site "Deutschland"]
[Date "1995.??.??"]
[Round "?.7"]
[White "Andresen, Steffen"]
[Black "Hille, Ralph Ingo"]
[Result "0-1"]
[WhiteElo "2395"]
[BlackElo "2265"]
[PlyCount "46"]
[EventDate "1994.10.??"]
[EventType "team"]
[EventRounds "15"]
[EventCountry "GER"]
[SourceTitle "Bundesliga 9495"]
[Source "DeepChess"]
[SourceDate "2005.01.01"]
[SourceVersion "1"]
[SourceVersionDate "2005.01.01"]
[SourceQuality "1"]
[WhiteTeam "Post SV Dresden"]
[BlackTeam "SV Castrop Rauxel 1923"]
[WhiteTeamCountry "GER"]
[BlackTeamCountry "GER"]

1. c4 e5 2. Nc3 Nf6 3. Nf3 Nc6 4. e3 Bb4 5. Nd5 e4 6. Ng1 O-O 7. a3 Bd6 8. Qc2
Re8 9. Ne2 b5 10. Ng3 bxc4 11. Bxc4 Bb7 12. O-O Ne5 13. Nxf6+ Qxf6 14. Be2 Qh4
15. Qd1 Re6 16. Qa4 Rh6 17. h3 Rg6 18. d3 Bc6 19. Qd4 f5 20. b4 Rxg3 21. fxg3
Qxg3 22. b5 Nf3+ 23. Bxf3 exf3 0-1

[Event "Bundesliga 9495"]
[Site "Deutschland"]
[Date "1995.??.??"]
[Round "?.8"]
[White "Doering, Thomas"]
[Black "Heinatz, Thomas"]
[Result "0-1"]
[WhiteElo "2225"]
[BlackElo "2360"]
[PlyCount "83"]
[EventDate "1994.10.??"]
[EventType "team"]
[EventRounds "15"]
[EventCountry "GER"]
[SourceTitle "Bundesliga 9495"]
[Source "DeepChess"]
[SourceDate "2005.01.01"]
[SourceVersion "1"]
[SourceVersionDate "2005.01.01"]
[SourceQuality "1"]
[WhiteTeam "SV Castrop Rauxel 1923"]
[BlackTeam "Post SV Dresden"]
[WhiteTeamCountry "GER"]
[BlackTeamCountry "GER"]

1. d4 d6 2. e4 Nf6 3. Nc3 g6 4. f4 Bg7 5. Nf3 O-O 6. Bd3 Na6 7. O-O c5 8. d5
Bg4 9. Qe2 Nc7 10. a4 a6 11. h3 Bd7 12. a5 Nb5 13. Bd2 Nh5 14. Kh2 Nxc3 15.
bxc3 e6 16. g4 Nf6 17. dxe6 fxe6 18. c4 Bc6 19. Rae1 Nd7 20. Qf2 Qe7 21. Qg3
Rae8 22. Re2 Qd8 23. Kg1 b5 24. axb6 Qxb6 25. Qe1 Qb7 26. Qg3 Qa8 27. h4 Kh8
28. h5 gxh5 29. g5 Re7 30. Qh4 Qe8 31. Rh2 Qf7 32. Qxh5 Qxh5 33. Rxh5 a5 34. e5
Bxf3 35. Rxh7+ Kg8 36. Rxf3 Nxe5 37. fxe5 Rxf3 38. Kg2 Rxd3 39. Rxg7+ Rxg7 40.
cxd3 a4 41. exd6 a3 42. Kf3 0-1

[Event "Bundesliga 9495"]
[Site "Deutschland"]
[Date "1994.??.??"]
[Round "?.1"]
[White "Kramnik, Vladimir"]
[Black "Bologan, Viktor"]
[Result "1/2-1/2"]
[WhiteElo "2725"]
[BlackElo "2600"]
[PlyCount "88"]
[EventDate "1994.10.??"]
[EventType "team"]
[EventRounds "15"]
[EventCountry "GER"]
[SourceTitle "Bundesliga 9495"]
[Source "DeepChess"]
[SourceDate "2005.01.01"]
[SourceVersion "1"]
[SourceVersionDate "2005.01.01"]
[SourceQuality "1"]
[WhiteTeam "SV Empor Berlin e.V."]
[BlackTeam "Post SV Dresden"]
[WhiteTeamCountry "GER"]
[BlackTeamCountry "GER"]

1. d4 Nf6 2. c4 g6 3. Nc3 Bg7 4. e4 d6 5. Nf3 O-O 6. Be2 e5 7. d5 a5 8. Bg5 h6
9. Bh4 Na6 10. O-O Bd7 11. Nd2 Qe8 12. b3 Nh7 13. a3 h5 14. f3 Bh6 15. Kh1 Be3
16. Qc2 f5 17. exf5 gxf5 18. Bf2 Bxf2 19. Rxf2 Nf6 20. Rg1 Kh8 21. Qb2 c5 22.
f4 Nc7 23. h3 Qg6 24. fxe5 Qg3 25. Nce4 Nxe4 26. Nxe4 fxe4 27. Rxf8+ Rxf8 28.
e6+ Qg7 29. Qxg7+ Kxg7 30. exd7 Rd8 31. Bxh5 Rxd7 32. Re1 Re7 33. Bf3 e3 34.
Bg4 b5 35. cxb5 Nxb5 36. Be6 Nxa3 37. Rxe3 Nc2 38. Rg3+ Kf6 39. Rf3+ Ke5 40.
Rf5+ Ke4 41. Rf1 Nd4 42. g4 Nxe6 43. dxe6 d5 44. g5 Rxe6 1/2-1/2

[Event "Bundesliga 9495"]
[Site "Deutschland"]
[Date "1994.??.??"]
[Round "?.3"]
[White "Lobron, Eric"]
[Black "Lanka, Zigurds"]
[Result "1-0"]
[WhiteElo "2580"]
[BlackElo "2540"]
[PlyCount "91"]
[EventDate "1994.10.??"]
[EventType "team"]
[EventRounds "15"]
[EventCountry "GER"]
[SourceTitle "Bundesliga 9495"]
[Source "DeepChess"]
[SourceDate "2005.01.01"]
[SourceVersion "1"]
[SourceVersionDate "2005.01.01"]
[SourceQuality "1"]
[WhiteTeam "SV Empor Berlin e.V."]
[BlackTeam "Post SV Dresden"]
[WhiteTeamCountry "GER"]
[BlackTeamCountry "GER"]

1. c4 Nf6 2. Nc3 g6 3. g3 Bg7 4. Bg2 O-O 5. Nf3 d6 6. O-O a6 7. d3 e5 8. Rb1
Nbd7 9. b4 Nh5 10. c5 h6 11. cxd6 cxd6 12. Nd2 Rb8 13. b5 b6 14. bxa6 Bxa6 15.
Ba3 Nc5 16. Bxc5 dxc5 17. Qa4 Bc8 18. Nc4 Be6 19. Rb3 Kh7 20. Rfb1 f5 21. Rxb6
Rxb6 22. Nxb6 e4 23. Qc6 Bxc3 24. Qxe6 exd3 25. exd3 Qxd3 26. Qb3 Qd2 27. Nc4
Qd4 28. Rc1 Ba1 29. Qb7+ Kh8 30. Qe7 Qg7 31. Qxg7+ Bxg7 32. a4 Rf7 33. a5 Ra7
34. Rb1 Nf6 35. Rb7 Ra6 36. Rb6 Ra7 37. Bc6 Nd7 38. Rb7 Rxb7 39. Bxb7 Nb8 40.
a6 Nxa6 41. Bxa6 Bd4 42. Nd2 Bc3 43. Nb3 Bb4 44. Nc1 Bc3 45. Nd3 Bd4 46. Nf4
1-0

[Event "Bundesliga 9495"]
[Site "Deutschland"]
[Date "1994.??.??"]
[Round "?.5"]
[White "Rabiega, Robert"]
[Black "Maiwald, Jens Uwe"]
[Result "1-0"]
[WhiteElo "2475"]
[BlackElo "2445"]
[PlyCount "91"]
[EventDate "1994.10.??"]
[EventType "team"]
[EventRounds "15"]
[EventCountry "GER"]
[SourceTitle "Bundesliga 9495"]
[Source "DeepChess"]
[SourceDate "2005.01.01"]
[SourceVersion "1"]
[SourceVersionDate "2005.01.01"]
[SourceQuality "1"]
[WhiteTeam "SV Empor Berlin e.V."]
[BlackTeam "Post SV Dresden"]
[WhiteTeamCountry "GER"]
[BlackTeamCountry "GER"]

1. e4 d6 2. d4 Nf6 3. Bd3 g6 4. Nf3 Bg7 5. h3 O-O 6. O-O Nc6 7. Re1 e5 8. c3
Nh5 9. Bg5 Qe8 10. dxe5 dxe5 11. Nbd2 a6 12. a4 Be6 13. Bc4 h6 14. Be3 Bxc4 15.
Nxc4 Rd8 16. Qb3 b6 17. a5 b5 18. Ncd2 Nf4 19. Qc2 Ne6 20. b4 Ncd4 21. cxd4
exd4 22. Bxh6 d3 23. Qb3 Bxh6 24. e5 Qc6 25. Rac1 Qb7 26. Rcd1 Nf4 27. e6 fxe6
28. Rxe6 Rf7 29. Ne4 Kf8 30. Nc5 Qd5 31. Qxd5 Rxd5 32. Rxa6 Nxh3+ 33. gxh3 Rxf3
34. Kg2 Rff5 35. Rxd3 Bd2 36. Rb3 Kf7 37. Nd3 Rg5+ 38. Kf1 Rd7 39. Rc6 Rgd5 40.
Nc5 Re7 41. Rf3+ Kg8 42. Rxg6+ Kh7 43. Rfg3 Bxb4 44. R6g4 Bd2 45. Ne4 Re6 46.
Rh4+ 1-0

[Event "Bundesliga 9495"]
[Site "Deutschland"]
[Date "1994.??.??"]
[Round "?.6"]
[White "Goldberg, Alexander"]
[Black "Muse, Mladen"]
[Result "1/2-1/2"]
[WhiteElo "2405"]
[BlackElo "2455"]
[PlyCount "141"]
[EventDate "1994.10.??"]
[EventType "team"]
[EventRounds "15"]
[EventCountry "GER"]
[SourceTitle "Bundesliga 9495"]
[Source "DeepChess"]
[SourceDate "2005.01.01"]
[SourceVersion "1"]
[SourceVersionDate "2005.01.01"]
[SourceQuality "1"]
[WhiteTeam "Post SV Dresden"]
[BlackTeam "SV Empor Berlin e.V."]
[WhiteTeamCountry "GER"]
[BlackTeamCountry "GER"]

1. e4 g6 2. d4 Bg7 3. Nc3 c6 4. f4 d5 5. e5 h5 6. Nf3 Nh6 7. Be3 Bg4 8. Be2 Nf5
9. Bf2 Nd7 10. Qd2 e6 11. g3 Bf8 12. h3 Bxf3 13. Bxf3 c5 14. dxc5 Bxc5 15.
O-O-O Bxf2 16. Qxf2 Qb6 17. Qxb6 Nxb6 18. g4 Nh4 19. Be2 a6 20. gxh5 gxh5 21.
Rhg1 Ng6 22. f5 Nxe5 23. fxe6 fxe6 24. Rg5 Nbd7 25. Bxh5+ Ke7 26. Rf1 Rag8 27.
Rxg8 Rxg8 28. Ne2 Rg2 29. Nf4 Rh2 30. b3 Nf6 31. Bg4 Nexg4 32. hxg4 Ne4 33.
Ng6+ Kd6 34. Rf7 b6 35. Rb7 Kc5 36. Nf4 Rh6 37. Re7 Kd6 38. Rb7 Kc5 39. Rg7 Rf6
40. Nd3+ Kd4 41. Kb2 Rf1 42. Nb4 a5 43. Nc6+ Kc5 44. Nd8 Kd6 45. Rg6 Nc5 46.
Rg7 d4 47. Nb7+ Kd5 48. Nxc5 bxc5 49. g5 Rg1 50. Rg8 Ke5 51. Ra8 Rxg5 52. Rxa5
Kd6 53. b4 Rf5 54. Ra6+ Kd7 55. b5 e5 56. Ra7+ Kd6 57. Ra6+ Kd5 58. Rh6 e4 59.
b6 Rf7 60. a4 Kc4 61. Re6 e3 62. a5 Kb5 63. c3 Kxa5 64. Kc2 Rd7 65. Kd3 Ka6 66.
cxd4 cxd4 67. Rh6 Re7 68. Rh1 Rd7 69. Rh6 Kb7 70. Rg6 Re7 71. Rg1 1/2-1/2

[Event "Bundesliga 9495"]
[Site "Deutschland"]
[Date "1994.??.??"]
[Round "?.7"]
[White "Poldauf, Dirk"]
[Black "Kaminski, Uwe"]
[Result "1/2-1/2"]
[WhiteElo "2445"]
[BlackElo "2390"]
[PlyCount "80"]
[EventDate "1994.10.??"]
[EventType "team"]
[EventRounds "15"]
[EventCountry "GER"]
[SourceTitle "Bundesliga 9495"]
[Source "DeepChess"]
[SourceDate "2005.01.01"]
[SourceVersion "1"]
[SourceVersionDate "2005.01.01"]
[SourceQuality "1"]
[WhiteTeam "SV Empor Berlin e.V."]
[BlackTeam "Post SV Dresden"]
[WhiteTeamCountry "GER"]
[BlackTeamCountry "GER"]

1. c4 g6 2. Nc3 Bg7 3. g3 Nf6 4. Bg2 O-O 5. d4 d6 6. Nf3 Nc6 7. O-O Bf5 8. Ne1
Qc8 9. e4 Bh3 10. f4 Bxg2 11. Kxg2 Na5 12. e5 Nd7 13. c5 dxc5 14. dxc5 Rd8 15.
Qa4 Nc6 16. Be3 a6 17. Rd1 Nf8 18. Nf3 Qe6 19. Ng5 Qf5 20. Nd5 Rd7 21. Rf2 Rad8
22. Rfd2 e6 23. Nc3 Rxd2+ 24. Rxd2 Rxd2+ 25. Bxd2 Qd3 26. Be1 Nd7 27. Bf2 Bf8
28. Nge4 Be7 29. a3 h5 30. Qd1 Qxd1 31. Nxd1 Na5 32. b4 Nc4 33. a4 b5 34. axb5
axb5 35. Ndc3 Na3 36. Kf3 Nb8 37. Na2 Na6 38. Be1 Kf8 39. Ke2 Ke8 40. Kd3 Kd7
1/2-1/2

[Event "Bundesliga 9495"]
[Site "Deutschland"]
[Date "1994.??.??"]
[Round "?.8"]
[White "Andresen, Steffen"]
[Black "Volke, Karsten"]
[Result "0-1"]
[WhiteElo "2395"]
[BlackElo "2440"]
[PlyCount "82"]
[EventDate "1994.10.??"]
[EventType "team"]
[EventRounds "15"]
[EventCountry "GER"]
[SourceTitle "Bundesliga 9495"]
[Source "DeepChess"]
[SourceDate "2005.01.01"]
[SourceVersion "1"]
[SourceVersionDate "2005.01.01"]
[SourceQuality "1"]
[WhiteTeam "Post SV Dresden"]
[BlackTeam "SV Empor Berlin e.V."]
[WhiteTeamCountry "GER"]
[BlackTeamCountry "GER"]

1. c4 Nf6 2. Nc3 g6 3. e4 d6 4. d4 Bg7 5. f3 O-O 6. Be3 c5 7. Nge2 Nc6 8. d5
Na5 9. Ng3 a6 10. Be2 Nd7 11. Qd2 b5 12. Bh6 Ne5 13. Bxg7 Kxg7 14. b3 bxc4 15.
f4 Nd3+ 16. Bxd3 cxd3 17. Qxd3 Qb6 18. Qe3 Rb8 19. Rb1 Bd7 20. O-O Qb4 21. e5
Qd4 22. Qxd4 cxd4 23. Nce4 dxe5 24. fxe5 Rb5 25. b4 Nb7 26. Rbc1 Rxd5 27. Rc7
Nd8 28. Nc5 Bg4 29. Nd3 Rd7 30. Rfc1 Re8 31. a4 Rxc7 32. Rxc7 Ne6 33. Rc6 Ra8
34. Kf2 Bd1 35. b5 axb5 36. axb5 Rb8 37. Nc5 Rxb5 38. Nd3 Ra5 39. Ke1 Ba4 40.
Rb6 Bb5 41. Nb4 Bc4 0-1

[Event "Bundesliga 9495"]
[Site "Deutschland"]
[Date "1995.??.??"]
[Round "?.1"]
[White "Kuczynski, Robert"]
[Black "Teske, Henrik"]
[Result "1/2-1/2"]
[WhiteElo "2510"]
[BlackElo "2465"]
[PlyCount "40"]
[EventDate "1994.10.??"]
[EventType "team"]
[EventRounds "15"]
[EventCountry "GER"]
[SourceTitle "Bundesliga 9495"]
[Source "DeepChess"]
[SourceDate "2005.01.01"]
[SourceVersion "1"]
[SourceVersionDate "2005.01.01"]
[SourceQuality "1"]
[WhiteTeam "SV Erfurt West 90"]
[BlackTeam "Post SV Dresden"]
[WhiteTeamCountry "GER"]
[BlackTeamCountry "GER"]

1. e4 c6 2. d4 d5 3. exd5 cxd5 4. c4 Nf6 5. Nc3 e6 6. Nf3 Be7 7. cxd5 Nxd5 8.
Bd3 Nc6 9. O-O O-O 10. Re1 Bf6 11. Be4 Nce7 12. Ne5 Bd7 13. Qd3 g6 14. Bxd5
Nxd5 15. Nxd5 exd5 16. Qb3 Bc6 17. Bh6 Re8 18. Qf3 Bxe5 19. Rxe5 Rxe5 20. dxe5
Qh4 1/2-1/2

[Event "Bundesliga 9495"]
[Site "Deutschland"]
[Date "1995.??.??"]
[Round "?.2"]
[White "Lanka, Zigurds"]
[Black "Enders, Peter"]
[Result "1-0"]
[WhiteElo "2510"]
[BlackElo "2480"]
[PlyCount "63"]
[EventDate "1994.10.??"]
[EventType "team"]
[EventRounds "15"]
[EventCountry "GER"]
[SourceTitle "Bundesliga 9495"]
[Source "DeepChess"]
[SourceDate "2005.01.01"]
[SourceVersion "1"]
[SourceVersionDate "2005.01.01"]
[SourceQuality "1"]
[WhiteTeam "Post SV Dresden"]
[BlackTeam "SV Erfurt West 90"]
[WhiteTeamCountry "GER"]
[BlackTeamCountry "GER"]

1. e4 c5 2. Nf3 d6 3. d4 cxd4 4. Nxd4 Nf6 5. Nc3 a6 6. Be3 e6 7. Be2 Qc7 8. Qd2
b5 9. f3 Nbd7 10. a3 Ne5 11. g4 Rb8 12. g5 Nfd7 13. O-O Nc4 14. Bxc4 Qxc4 15.
f4 Rb7 16. Rae1 Be7 17. b3 Qc7 18. Re2 Nb8 19. f5 Qa5 20. Qd3 Qxa3 21. g6 hxg6
22. fxe6 Bf6 23. Nd5 Be5 24. exf7+ Rxf7 25. Rxf7 Kxf7 26. Rf2+ Kg8 27. Ne7+ Kh7
28. Nf3 Bf6 29. Nxg6 Kxg6 30. e5+ Bf5 31. Rg2+ Kf7 32. Qxf5 1-0

[Event "Bundesliga 9495"]
[Site "Deutschland"]
[Date "1995.??.??"]
[Round "?.4"]
[White "Maiwald, Jens Uwe"]
[Black "Jasnikowski, Zbigniew"]
[Result "1/2-1/2"]
[WhiteElo "2455"]
[BlackElo "2425"]
[PlyCount "77"]
[EventDate "1994.10.??"]
[EventType "team"]
[EventRounds "15"]
[EventCountry "GER"]
[SourceTitle "Bundesliga 9495"]
[Source "DeepChess"]
[SourceDate "2005.01.01"]
[SourceVersion "1"]
[SourceVersionDate "2005.01.01"]
[SourceQuality "1"]
[WhiteTeam "Post SV Dresden"]
[BlackTeam "SV Erfurt West 90"]
[WhiteTeamCountry "GER"]
[BlackTeamCountry "GER"]

1. Nf3 Nf6 2. g3 g6 3. Bg2 Bg7 4. O-O O-O 5. d3 d5 6. Nbd2 c5 7. e4 Nc6 8. Re1
b6 9. c3 dxe4 10. dxe4 Ng4 11. Nc4 Qxd1 12. Rxd1 Be6 13. Bf1 h6 14. h3 Nf6 15.
Re1 Rad8 16. a4 Ne8 17. Bf4 Nd6 18. Bxd6 exd6 19. Ne3 Ne7 20. a5 d5 21. exd5
Nxd5 22. Nc4 b5 23. Nce5 a6 24. Rad1 Ne7 25. Nd3 Rc8 26. Nf4 Nc6 27. Nxe6 fxe6
28. Kg2 Kf7 29. Nd2 Bf6 30. Ne4 Be7 31. Re3 g5 32. Be2 Rcd8 33. Bh5+ Kg7 34.
Bg4 e5 35. Be2 c4 36. Bg4 Kf7 37. Bh5+ Kg7 38. Bg4 Kf7 39. Bh5+ 1/2-1/2

[Event "Bundesliga 9495"]
[Site "Deutschland"]
[Date "1995.??.??"]
[Round "?.5"]
[White "Mueller, Mat"]
[Black "Goldberg, Alexander"]
[Result "0-1"]
[WhiteElo "2375"]
[BlackElo "2405"]
[PlyCount "102"]
[EventDate "1994.10.??"]
[EventType "team"]
[EventRounds "15"]
[EventCountry "GER"]
[SourceTitle "Bundesliga 9495"]
[Source "DeepChess"]
[SourceDate "2005.01.01"]
[SourceVersion "1"]
[SourceVersionDate "2005.01.01"]
[SourceQuality "1"]
[WhiteTeam "SV Erfurt West 90"]
[BlackTeam "Post SV Dresden"]
[WhiteTeamCountry "GER"]
[BlackTeamCountry "GER"]

1. e4 e5 2. Nf3 Nc6 3. Bb5 a6 4. Ba4 Nf6 5. O-O Be7 6. Re1 b5 7. Bb3 O-O 8. a4
Bb7 9. d3 d6 10. c3 Nd7 11. Nbd2 Nc5 12. axb5 axb5 13. Rxa8 Qxa8 14. Bc2 Bf6
15. Nf1 Ne7 16. Ne3 Ng6 17. h3 Ne6 18. Bb3 Nef4 19. Ng4 d5 20. Nxf6+ gxf6 21.
Bxf4 Nxf4 22. exd5 Bxd5 23. Bxd5 Qxd5 24. Re3 Kh8 25. Kh2 Rd8 26. Ne1 Rg8 27.
Rg3 Rxg3 28. fxg3 Ng6 29. Qg4 Kg7 30. Qf5 Qb3 31. Qf2 Qd1 32. Qe3 Qb1 33. Qe2
f5 34. Nf3 f6 35. Nh4 Nxh4 36. gxh4 Qc1 37. Qf3 Qxb2 38. Qxf5 Qxc3 39. Qd7+ Kh6
40. Qxb5 Qd4 41. h5 Qf4+ 42. Kh1 Kxh5 43. Qd5 Kh4 44. Qg8 Qg5 45. Qd5 Qc1+ 46.
Kh2 Qf4+ 47. Kh1 Kg3 48. Qg8+ Qg5 49. Qc4 c5 50. Qxc5 Qd2 51. Qg1 Qf2 0-1

[Event "Bundesliga 9495"]
[Site "Deutschland"]
[Date "1995.??.??"]
[Round "?.6"]
[White "Kaminski, Uwe"]
[Black "Troyke, Christian"]
[Result "1/2-1/2"]
[WhiteElo "2390"]
[BlackElo "2355"]
[PlyCount "45"]
[EventDate "1994.10.??"]
[EventType "team"]
[EventRounds "15"]
[EventCountry "GER"]
[SourceTitle "Bundesliga 9495"]
[Source "DeepChess"]
[SourceDate "2005.01.01"]
[SourceVersion "1"]
[SourceVersionDate "2005.01.01"]
[SourceQuality "1"]
[WhiteTeam "Post SV Dresden"]
[BlackTeam "SV Erfurt West 90"]
[WhiteTeamCountry "GER"]
[BlackTeamCountry "GER"]

1. e4 c5 2. Nf3 Nc6 3. d4 cxd4 4. Nxd4 g6 5. c4 Bg7 6. Be3 Nf6 7. Nc3 O-O 8.
Be2 d6 9. O-O Bd7 10. Qd2 Nxd4 11. Bxd4 Bc6 12. Rfe1 e5 13. Be3 Nxe4 14. Nxe4
Bxe4 15. Rad1 Re8 16. Qxd6 Qa5 17. Qd2 Qxd2 18. Rxd2 Bf8 19. a3 a5 20. Red1 Bc6
21. Rb1 a4 22. Rbd1 Be7 23. Bb6 1/2-1/2

[Event "Bundesliga 9495"]
[Site "Deutschland"]
[Date "1995.??.??"]
[Round "?.7"]
[White "Voekler, Bernd"]
[Black "Andresen, Steffen"]
[Result "1-0"]
[WhiteElo "2350"]
[BlackElo "2395"]
[PlyCount "134"]
[EventDate "1994.10.??"]
[EventType "team"]
[EventRounds "15"]
[EventCountry "GER"]
[SourceTitle "Bundesliga 9495"]
[Source "DeepChess"]
[SourceDate "2005.01.01"]
[SourceVersion "1"]
[SourceVersionDate "2005.01.01"]
[SourceQuality "1"]
[WhiteTeam "SV Erfurt West 90"]
[BlackTeam "Post SV Dresden"]
[WhiteTeamCountry "GER"]
[BlackTeamCountry "GER"]

1. e4 c5 2. Nf3 Nc6 3. d4 cxd4 4. Nxd4 Nf6 5. Nc3 d6 6. Bg5 e6 7. Qd2 a6 8.
O-O-O h6 9. Be3 Bd7 10. f4 b5 11. Bd3 Qc7 12. Rhe1 b4 13. Nce2 Qb7 14. Bf2 Be7
15. Kb1 Rc8 16. h3 Na5 17. Nc1 Nc4 18. Qe2 Qc7 19. Ncb3 g6 20. Nf3 d5 21. exd5
Nxd5 22. g3 Bb5 23. Bd4 O-O 24. Ne5 Nxe5 25. Bxb5 axb5 26. Bxe5 Qb7 27. h4 Ra8
28. h5 g5 29. f5 exf5 30. Qd3 Nb6 31. Qxb5 Qa7 32. Bd4 Qxa2+ 33. Kc1 Rfc8 34.
Rxe7 Nc4 35. Re8+ Rxe8 36. Qxc4 Rab8 37. Rf1 Re6 38. Rxf5 Rbe8 39. Rf1 Qa4 40.
Bc5 Re1+ 41. Rxe1 Rxe1+ 42. Kd2 Qe8 43. Bf2 Rh1 44. Qxb4 Qc6 45. Qd4 Rxh5 46.
Nc5 Rh1 47. Nd3 Qf3 48. Kc3 f6 49. Qd8+ Kg7 50. Bd4 h5 51. Kc4 Rh2 52. c3 Qf1
53. Qe7+ Kg6 54. Qe4+ Kh6 55. Bc5 Kg7 56. Qe8 Rd2 57. Qf8+ Kg6 58. Qg8+ Kf5 59.
Qh7+ Kg4 60. Qe4+ Kh3 61. b4 Re2 62. Qd5 Kxg3 63. b5 Qb1 64. b6 Rd2 65. Bd6+
Kh4 66. Qd4+ g4 67. Qxf6+ Kh3 1-0

[Event "Bundesliga 9495"]
[Site "Deutschland"]
[Date "1995.??.??"]
[Round "?.8"]
[White "Heinatz, Thomas"]
[Black "Machelett, Heiko"]
[Result "1-0"]
[WhiteElo "2360"]
[BlackElo "2315"]
[PlyCount "61"]
[EventDate "1994.10.??"]
[EventType "team"]
[EventRounds "15"]
[EventCountry "GER"]
[SourceTitle "Bundesliga 9495"]
[Source "DeepChess"]
[SourceDate "2005.01.01"]
[SourceVersion "1"]
[SourceVersionDate "2005.01.01"]
[SourceQuality "1"]
[WhiteTeam "Post SV Dresden"]
[BlackTeam "SV Erfurt West 90"]
[WhiteTeamCountry "GER"]
[BlackTeamCountry "GER"]

1. e4 e6 2. d4 d5 3. Nc3 Bb4 4. e5 c5 5. a3 Ba5 6. b4 cxd4 7. Nb5 Bc7 8. f4 Nh6
9. Bd3 Bd7 10. Nxc7+ Qxc7 11. Bb2 Nc6 12. Nf3 Nf5 13. Bxf5 exf5 14. O-O O-O 15.
Qe1 a5 16. b5 Ne7 17. a4 Qxc2 18. Ba3 Rfe8 19. Nxd4 Qc7 20. Rc1 Qd8 21. Nb3 Be6
22. Qf2 Ng6 23. Bc5 Rc8 24. Qd4 Nf8 25. Bb6 Qe7 26. Bc5 Qd8 27. Bb6 Qe7 28.
Nxa5 Nd7 29. Bc7 b6 30. Nc6 Qa3 31. Bd6 1-0

[Event "Bundesliga 9495"]
[Site "Deutschland"]
[Date "1995.??.??"]
[Round "?.2"]
[White "Horvath, Tamas"]
[Black "Teske, Henrik"]
[Result "1-0"]
[WhiteElo "2410"]
[BlackElo "2465"]
[PlyCount "37"]
[EventDate "1994.10.??"]
[EventType "team"]
[EventRounds "15"]
[EventCountry "GER"]
[SourceTitle "Bundesliga 9495"]
[Source "DeepChess"]
[SourceDate "2005.01.01"]
[SourceVersion "1"]
[SourceVersionDate "2005.01.01"]
[SourceQuality "1"]
[WhiteTeam "SV Tuebingen 1870 e.V."]
[BlackTeam "Post SV Dresden"]
[WhiteTeamCountry "GER"]
[BlackTeamCountry "GER"]

1. e4 Nc6 2. Nf3 d6 3. d4 Bg4 4. Nc3 Nf6 5. d5 Bxf3 6. Qxf3 Ne5 7. Qe2 c6 8. f4
Ng6 9. g3 e5 10. dxe6 fxe6 11. Bh3 e5 12. Bd2 Qc7 13. Qc4 Nd7 14. Nb5 Qc8 15.
Qe6+ Kd8 16. Nxd6 Bxd6 17. Qxd6 Qc7 18. Qd3 exf4 19. gxf4 1-0

[Event "Bundesliga 9495"]
[Site "Deutschland"]
[Date "1995.??.??"]
[Round "?.3"]
[White "Lanka, Zigurds"]
[Black "Kraut, Rainer"]
[Result "1-0"]
[WhiteElo "2510"]
[BlackElo "2420"]
[PlyCount "69"]
[EventDate "1994.10.??"]
[EventType "team"]
[EventRounds "15"]
[EventCountry "GER"]
[SourceTitle "Bundesliga 9495"]
[Source "DeepChess"]
[SourceDate "2005.01.01"]
[SourceVersion "1"]
[SourceVersionDate "2005.01.01"]
[SourceQuality "1"]
[WhiteTeam "Post SV Dresden"]
[BlackTeam "SV Tuebingen 1870 e.V."]
[WhiteTeamCountry "GER"]
[BlackTeamCountry "GER"]

1. e4 c5 2. Nf3 d6 3. d4 cxd4 4. Nxd4 Nf6 5. Nc3 Nc6 6. Bg5 e6 7. Qd2 a6 8.
O-O-O Bd7 9. f3 Be7 10. h4 h6 11. Be3 Nxd4 12. Qxd4 Rc8 13. Kb1 Qc7 14. Qd2 b5
15. Bd3 b4 16. Ne2 Bb5 17. Nd4 Bxd3 18. cxd3 Qb7 19. g4 Kd7 20. g5 hxg5 21.
hxg5 Rxh1 22. Rxh1 Ne8 23. g6 f6 24. Qg2 Nc7 25. Qg4 Re8 26. Rc1 Bf8 27. Qg2
Nb5 28. Nxb5 axb5 29. Qc2 Ra8 30. Bd2 d5 31. exd5 exd5 32. d4 Re8 33. Qf5+ Re6
34. Bf4 Bd6 35. Re1 1-0

[Event "Bundesliga 9495"]
[Site "Deutschland"]
[Date "1995.??.??"]
[Round "?.4"]
[White "Palkovi, Jozsef"]
[Black "Uhlmann, Wolfgang"]
[Result "1-0"]
[WhiteElo "2420"]
[BlackElo "2470"]
[PlyCount "113"]
[EventDate "1994.10.??"]
[EventType "team"]
[EventRounds "15"]
[EventCountry "GER"]
[SourceTitle "Bundesliga 9495"]
[Source "DeepChess"]
[SourceDate "2005.01.01"]
[SourceVersion "1"]
[SourceVersionDate "2005.01.01"]
[SourceQuality "1"]
[WhiteTeam "SV Tuebingen 1870 e.V."]
[BlackTeam "Post SV Dresden"]
[WhiteTeamCountry "GER"]
[BlackTeamCountry "GER"]

1. e4 e6 2. d4 d5 3. Nc3 Bb4 4. exd5 exd5 5. Bd3 Nc6 6. a3 Bxc3+ 7. bxc3 Nge7
8. Qf3 Be6 9. Ne2 Qd7 10. O-O Bf5 11. Ng3 Bxd3 12. cxd3 O-O 13. h4 f6 14. a4 a6
15. Ba3 Rf7 16. Rfe1 f5 17. h5 f4 18. Nf1 g5 19. Nh2 Nf5 20. Qg4 h6 21. Ra2 Re8
22. Rae2 Rxe2 23. Qxe2 Ng7 24. Qf3 Rf6 25. Ng4 Re6 26. Rxe6 Qxe6 27. Qxd5 Qxd5
28. Nf6+ Kf7 29. Nxd5 Nxh5 30. Nxc7 Nf6 31. Kf1 Ne7 32. c4 Nf5 33. d5 f3 34.
gxf3 Nd4 35. Bb2 Nxf3 36. Ke2 Ng1+ 37. Kf1 Nf3 38. c5 h5 39. c6 bxc6 40. dxc6
Ne8 41. Nxa6 Ke6 42. a5 Nd2+ 43. Kg2 Nb3 44. Bc3 Kd6 45. Nb8 Kc5 46. Be5 Nxa5
47. c7 Nxc7 48. Bxc7 Nb3 49. Be5 Kd5 50. Bf6 g4 51. Na6 Nc1 52. Nb4+ Ke6 53.
Bg5 Ne2 54. Nc2 Kf7 55. Bd2 h4 56. Ne3 Nf4+ 57. Kf1 1-0